Statistiche per Riconosci la Squadra di calcio - Quiz n°325

Clicka qui per fare il quiz!

Statistiche generali

  • Questo quiz è stato fatto 7 volte
  • Il punteggio medio è 8 su 9

Statistiche sulle risposte

IndizioRisposta% Corretto
Trofei nazionali0
100%
Titoli nazionali0
100%
Colori socialiAzzurro, bianco
100%
Divisione nazionale 2023-2024Prima
100%
ConfederazioneUEFA
100%
Trofei internazionali0
83%
Fondazione1899
83%
Capienza Stadio30 000 posti
67%
SquadraHoffenheim
17%

Distribuzione punteggi

Percentile per numero di risposta

Percentuale di utenti per punteggio

I tuoi punteggi nel tempo

Non hai fatto questo quiz